000 00901cam a22002654a 4500
001 12157674
005 20180809050218.0
008 000828s2001 nyuaf b 001 0 eng c
010 _a 00064372
020 _a0443076405
035 _a(DNLM)100963431
040 _aDNLM/DLC
_cDLC
_dDLC
041 _aeng
042 _apcc
060 1 0 _aWG 220
_bL756e 2001
080 _a616.120 LIN
082 0 0 _a616.120 LIN
_221
100 1 _a7
101 _aKAR
245 1 0 _aPractical echocardiography of congenital heart disease :
_cDavid T. Linker.
504 _aIncludes bibliographical references (p. 193-194) and index.
906 _a7
_bcbc
_corignew
_d1
_eocip
_f20
_gy-gencatlg
942 _2udc
_cBK
999 _c46957
_d46957